INTERNATIONAL history of the twentieth century and beyond/

Saved in:
Bibliographic Details
Format: Book
Language:English
Published: Routledge, 2015
Tags: Add Tag
No Tags, Be the first to tag this record!

MARC

LEADER 00000nam a22000007a 4500
008 201218b ||||| |||| 00| 0 eng d
020 |a ISBN: 978-0-415-65642-9 
245 |a INTERNATIONAL history of the twentieth century and beyond/  |c  Antony Best …[et al.].  |g  xxix, 666p.; ill. 
250 |b 3rd ed.-  
260 |b Routledge,  |c  2015  |h New York:   |i 691628   |l D443 .In8  |m .World politics – 20th century.  |m World politics – 21st century. 
500 |a “It includes index”. 
942 |a lcc  |c BK  |e Olagoke, M.A  |f 18/12/2020 
952 |0 0  |1 0  |2 lcc  |4 0  |6 D0443 I N8  |7 0  |9 777  |a HOL  |b HOL  |c AF  |d 2020-12-18  |l 0  |o D443 .In8  |p 2020-229992  |r 2020-12-18 00:00:00  |w 2020-12-18  |y BK 
999 |c 441  |d 441